РАЗВИТИЕ СЕТИ АВТОМОБИЛЬНЫХ МАГИСТРАЛЕЙ В КРУПНЕЙШИХ ГОРОДАХ. ТРАНСПОРТНО-ГРАДОСТРОИТЕЛЬНЫЕ ПРОБЛЕМЫ монография
Рассматриваемые вопросы посвящены актуальным проблемам развития сети автомобильных магистралей, обеспечивающей целостность территории крупнейших городов и зон их влияния. Рассмотрены вопросы комплексной взаимосвязи градостроительных факторов, социальных и функциональных требований, оказывающих влиян...
Shranjeno v:
| Glavni avtor: | |
|---|---|
| Format: | Книга |
| Teme: | |
| Online dostop: | https://www.studentlibrary.ru/book/ISBN9785930937800.html |
| Oznake: |
Označite
Brez oznak, prvi označite!
|
| LEADER | 04056nam a2200265 4500 | ||
|---|---|---|---|
| 001 | book/ISBN9785930937800 | ||
| 005 | 20250903142001.0 | ||
| 010 | |a 978-5-93093-780-0 | ||
| 100 | |a 20140708c2010 u y0rusy50 ca | ||
| 101 | | | |a rus | |
| 102 | |a RU | ||
| 105 | |a ||||||||000yy | ||
| 200 | 1 | |a РАЗВИТИЕ СЕТИ АВТОМОБИЛЬНЫХ МАГИСТРАЛЕЙ В КРУПНЕЙШИХ ГОРОДАХ. ТРАНСПОРТНО-ГРАДОСТРОИТЕЛЬНЫЕ ПРОБЛЕМЫ |e монография |f Агасьянц А.А. | |
| 210 | 1 | |a Москва |c АСВ |d 2010 | |
| 215 | |a 248 c. | ||
| 330 | |a Рассматриваемые вопросы посвящены актуальным проблемам развития сети автомобильных магистралей, обеспечивающей целостность территории крупнейших городов и зон их влияния. Рассмотрены вопросы комплексной взаимосвязи градостроительных факторов, социальных и функциональных требований, оказывающих влияние на степень необходимого развития сети основных структуроформирующих магистралей при разработке генеральных планов городов, проектов планировок агломераций, схем территориального планирования взаимосвязанных систем населенных мест. Предложен метод ориентировочного развития основной сети автомобильных магистралей, формируемой улицами и дорогами скоростного движения. Предлагается модифицированная классификация улиц и дорог крупных и крупнейших городов, а также модель планировочной организации единой сети магистралей городов и взаимосвязанных систем расселения с учетом современных требований устойчивого развития урбанизированных территорий и растущего уровня автомобилизации. Действенность предложений иллюстрируется на конкретных примерах отечественных городов. Для работников научных и проектных организаций, занимающихся проектированием и перспективным развитием магистральных улиц и дорог в крупных и крупнейших городах, в городских агломерациях и зонах их влияния. Может использоваться в учебном процессе строительных высших учебных заведений как методический и научно-справочный материал при подготовке и повышении квалификации специалистов по направлениям "Городские транспортные системы" и "Транспортные системы городов и регионов". | ||
| 610 | 0 | |a Городская инфраструктура | |
| 610 | 0 | |a Градостроительство | |
| 610 | 0 | |a Транспортная инфраструктура | |
| 610 | 0 | |a Техника и технологии наземного транспорта | |
| 610 | 0 | |a Техника и технологии строительства | |
| 700 | 1 | |a Агасьянц |b А.А. | |
| 801 | 0 | |a RU |b Geotar |c 20140708 |g RCR |2 rusmarc | |
| 801 | 1 | |a RU |b Geotar |c 20140708 | |
| 856 | 4 | |u https://www.studentlibrary.ru/book/ISBN9785930937800.html | |